The way of love : (Record no. 32111)

MARC details
000 -LEADER
fixed length control field 00821cam a2200289 i 4500
001 - CONTROL NUMBER
control field 2693390
003 - CONTROL NUMBER IDENTIFIER
control field BDDh-ASL
005 - DATE AND TIME OF LATEST TRANSACTION
control field 20231015031343.0
008 - FIXED-LENGTH DATA ELEMENTS--GENERAL INFORMATION
fixed length control field 750416s1974 enk b 000 0 eng
010 ## - LIBRARY OF CONGRESS CONTROL NUMBER
LC control number 75309877
015 ## - NATIONAL BIBLIOGRAPHY NUMBER
National bibliography number GB75-01402
020 ## - INTERNATIONAL STANDARD BOOK NUMBER
International Standard Book Number 0340187034 :
Terms of availability £2.95
040 ## - CATALOGING SOURCE
Original cataloging agency DLC
Transcribing agency BDDh-ASL
Modifying agency DLC
041 ## - LANGUAGE CODE
Language code of text/sound track or separate title eng
050 00 - LIBRARY OF CONGRESS CALL NUMBER
Classification number BV4501.2
Item number .G58 1974
082 00 - DEWEY DECIMAL CLASSIFICATION NUMBER
Classification number 248.4
Item number GLW
100 1# - MAIN ENTRY--PERSONAL NAME
Personal name Glubb, John Bagot,
Titles and words associated with a name Sir,
Dates associated with a name 1897-1986.
245 14 - TITLE STATEMENT
Title The way of love :
Remainder of title lessons from a long life /
Statement of responsibility, etc. John Bagot Glubb.
260 ## - PUBLICATION, DISTRIBUTION, ETC.
Place of publication, distribution, etc. London :
Name of publisher, distributor, etc. Hodder & Stoughton,
Date of publication, distribution, etc. 1974.
300 ## - PHYSICAL DESCRIPTION
Extent 192 p. ;
Dimensions 21 cm.
504 ## - BIBLIOGRAPHY, ETC. NOTE
Bibliography, etc. note Bibliography: p. 189-192.
650 #0 - SUBJECT ADDED ENTRY--TOPICAL TERM
Topical term or geographic name entry element Christian life.
650 #0 - SUBJECT ADDED ENTRY--TOPICAL TERM
Topical term or geographic name entry element Love.
650 #0 - SUBJECT ADDED ENTRY--TOPICAL TERM
Topical term or geographic name entry element God (Christianity)
906 ## - LOCAL DATA ELEMENT F, LDF (RLIN)
a 7
b cbc
c orignew
d 3
e ncip
f 19
g y-gencatlg
942 ## - ADDED ENTRY ELEMENTS (KOHA)
Source of classification or shelving scheme Dewey Decimal Classification
Koha item type Books
Holdings
Withdrawn status Lost status Source of classification or shelving scheme Damaged status Not for loan Collection code Home library Current library Shelving location Date acquired Source of acquisition Total Checkouts Full call number Barcode Date last seen Copy number Price effective from Koha item type Public note
    Dewey Decimal Classification     Non-fiction Asiatic Society Library Asiatic Society Library General Stacks 04/26/2023 Donated by Prof. Husniara Huq - A.K.M Azizul Haq Collection   248.4 GLW 120905 04/26/2023 C-1 04/26/2023 Books Y-1974

Powered by Koha